Top 25 MLB players of all time - Statistics

General Stats
  • This quiz has been taken 61 times
    53 since last reset
  • The average score is 16 of 25
Answer Stats
Hint Answer % Correct
1 Babe Ruth
100%
8 Barry Bonds
92%
7 Mickey Mantle
90%
3 Hank Aaron
87%
23 Randy Johnson
85%
9 Walter Johnson
85%
2 Willie Mays
85%
4 Ty Cobb
79%
16 Joe DiMaggio
77%
25 Albert Pujols
69%
6 Lou Gehrig
69%
12 Honus Wagner
67%
20 Cy Young
64%
17 Roger Clemens
64%
5 Ted Williams
62%
13 Ken Griffey Jr
59%
14 Greg Maddux
51%
15 Mike Trout
51%
10 Stan Musial
51%
24 Christy Mathewson
44%
19 Rogers Hornsby
44%
18 Mike Schmidt
41%
11 Pedro Martinez
38%
22 Rickey Henderson
38%
21 Tom Seaver
28%
No matching quizzes found
Score Distribution
Percent of People with Each Score
Percentile by Number Answered
Your Score History
You have not taken this quiz since the last reset